Southville International School and Colleges
Your cart is empty.
  • Cart
  • Lists
    Public lists Eva Luna New books Lux_list list_1
    Your lists Log in to create your own lists
  • Log in to your account
  • Your cookies
  • Search history
Southville International School and Colleges
  • Advanced search
  • Recent comments
  • Most popular
  • Libraries

Log in to your account

Log in with GOOGLE


If you do not have an external account, but do have a local account, you can still log in:

  1. Home
  2. MARC view: Kidnapped /
Normal view MARC view ISBD view

Kidnapped / (Record no. 34520)

[ view plain ]
MARC details
000 -LEADER
fixed length control field 01340cam a2200397 a 4500
001 - CONTROL NUMBER
control field 12887981
003 - CONTROL NUMBER IDENTIFIER
control field OSt
005 - DATE AND TIME OF LATEST TRANSACTION
control field 20140310184446.0
008 - FIXED-LENGTH DATA ELEMENTS--GENERAL INFORMATION
fixed length control field 020808r20021887nyu j 000 1 eng d
010 ## - LIBRARY OF CONGRESS CONTROL NUMBER
LC control number 2002510686
020 ## - INTERNATIONAL STANDARD BOOK NUMBER
International Standard Book Number 0439295785
035 ## - SYSTEM CONTROL NUMBER
System control number (OCoLC)ocm49962613
040 ## - CATALOGING SOURCE
Original cataloging agency BKL
Transcribing agency BKL
Modifying agency DLC
042 ## - AUTHENTICATION CODE
Authentication code lccopycat
043 ## - GEOGRAPHIC AREA CODE
Geographic area code e-uk-st
050 00 - LIBRARY OF CONGRESS CALL NUMBER
Classification number PZ 7
Item number .St848 1887
100 1# - MAIN ENTRY--PERSONAL NAME
Personal name Stevenson, Robert Louis,
Dates associated with a name 1850-1894.
9 (RLIN) 4314
245 10 - TITLE STATEMENT
Title Kidnapped /
Statement of responsibility, etc Robert Louis Stevenson ; with an introduction by Sid Hite.
260 ## - PUBLICATION, DISTRIBUTION, ETC. (IMPRINT)
Place of publication, distribution, etc New York :
Name of publisher, distributor, etc Scholastic,
Date of publication, distribution, etc 1887.
300 ## - PHYSICAL DESCRIPTION
Extent 276 p. :
Dimensions 14 cm.
440 #0 - SERIES STATEMENT/ADDED ENTRY--TITLE
Title Scholastic classics
9 (RLIN) 4315
521 ## - TARGET AUDIENCE NOTE
Target audience note
526 ## - STUDY PROGRAM INFORMATION NOTE
Reading level 990
650 #0 - SUBJECT ADDED ENTRY--TOPICAL TERM
Topical term or geographic name as entry element Kidnapping victims
Form subdivision Fiction.
9 (RLIN) 4316
650 #0 - SUBJECT ADDED ENTRY--TOPICAL TERM
Topical term or geographic name as entry element Disinheritance
Form subdivision Fiction.
9 (RLIN) 4317
650 #0 - SUBJECT ADDED ENTRY--TOPICAL TERM
Topical term or geographic name as entry element Teenage boys
Form subdivision Fiction.
9 (RLIN) 4318
650 #0 - SUBJECT ADDED ENTRY--TOPICAL TERM
Topical term or geographic name as entry element Jacobites
Form subdivision Fiction.
9 (RLIN) 4319
651 #0 - SUBJECT ADDED ENTRY--GEOGRAPHIC NAME
Geographic name Scotland
General subdivision History
Chronological subdivision 18th century
Form subdivision Fiction.
9 (RLIN) 4320
655 #7 - INDEX TERM--GENRE/FORM
Genre/form data or focus term Historical fiction.
Source of term gsafd
9 (RLIN) 2926
700 1# - ADDED ENTRY--PERSONAL NAME
Personal name Hite, Sid.
9 (RLIN) 4321
856 42 - ELECTRONIC LOCATION AND ACCESS
Materials specified Publisher description
Uniform Resource Identifier <a href="http://www.loc.gov/catdir/enhancements/fy1203/2002510686-d.html">http://www.loc.gov/catdir/enhancements/fy1203/2002510686-d.html</a>
906 ## - LOCAL DATA ELEMENT F, LDF (RLIN)
a 7
b cbc
c copycat
d 2
e ncip
f 20
g y-gencatlg
942 ## - ADDED ENTRY ELEMENTS (KOHA)
Source of classification or shelving scheme Library of Congress Classification
Koha item type
Holdings
Withdrawn status Lost status Source of classification or shelving scheme Damaged status Home library Current library Shelving location Date acquired Source of acquisition Total Checkouts Full call number Barcode Date last seen Copy number Price effective from Koha item type
    Library of Congress Classification   Luxembourg Library Luxembourg Library Scholastic Reading Center Section 10/10/2013 Donation   PZ 7 .St848 1887 LEX2417 04/18/2017 1 10/10/2013 Books
    Library of Congress Classification   Luxembourg Library Luxembourg Library Scholastic Reading Center Section 11/11/2013     PZ 7 .St848 1887 LEX0337 04/18/2017 2 11/11/2013 Books
    Library of Congress Classification   Luxembourg Library Luxembourg Library Scholastic Reading Center Section 11/11/2013     PZ 7 .St848 1887 LEX2724 04/18/2017 3 11/11/2013 Books

Kidnapped /

APA

Stevenson R. L., Hite S., . (1887). Kidnapped. New York: Scholastic.

Chicago

Stevenson Robert Louis, Hite Sid, . 1887. Kidnapped. New York: Scholastic.

Harvard

Stevenson R. L., Hite S., . (1887). Kidnapped. New York: Scholastic.

MLA

Stevenson Robert Louis, Hite Sid, . Kidnapped. New York: Scholastic. 1887.

  • Place hold
  • Print
  • Cite
  • Add to your cart (remove)
  • Save record
    BIBTEX Dublin Core MARCXML MARC (non-Unicode/MARC-8) MARC (Unicode/UTF-8) MARC (Unicode/UTF-8, Standard) MODS (XML) RIS
  • More searches
    Search for this title in:
    Other Libraries (WorldCat) Other Databases (Google Scholar) Online Stores (Bookfinder.com) Open Library (openlibrary.org)

Exporting to Dublin Core...

SOUTHVILLE LIBRARY

Southville International School and Colleges Library

1281 Tropical Ave. Cor. Luxembourg St., BF Homes International, Las Pinas City

Tel. No. 8256374 / 252358 Loc. 117/146

Powered by Koha